| 000 | 00847nam a22002417a 4500 | ||
|---|---|---|---|
| 999 |
_c12515 _d12515 |
||
| 003 | AR-CdUCM | ||
| 008 | 190409b ||||| |||| 00| 0 spa d | ||
| 040 |
_aMUNICIPALIDAD PROVINCIAL DEL CUSCO _cBIBLIOTECA MUNICIPAL DEL CUSCO |
||
| 082 |
_a050.913 / _bG993 / 1964 |
||
| 100 |
_aGuzmán Ladrón de Guevara, Carlos _930378 |
||
| 245 | _aVicus / | ||
| 260 |
_aLima : _bEdiciones de la comisión nacional de cultura, _c1964. |
||
| 300 |
_a33 páginas ; _bFotografías, _c24 cm. |
||
| 440 |
_aInformaciones arqueológicas _n1 _930379 |
||
| 505 | _aContenido: Arqueología peruana. | ||
| 650 |
_aArqueología peruana _91476 |
||
| 650 |
_aCultura Vicus _930380 |
||
| 650 |
_aHuaqueros _930381 |
||
| 700 |
_aCasafranca Noriega, José _930382 |
||
| 700 |
_aArquegas, José María (prologo) _930383 |
||
| 942 |
_2ddc _cLIBROS |
||
| 945 |
_adavv _d09/04/2019 |
||